000 01320cam a22003857a 4500
003 CHAP
005 20220817043632.0
008 000313d1995 mx r 00110 spa d
010 _a80293
011 _a81265
035 _a91732
040 _cCHAP
090 _aFolleto 15217
110 2 _aOrganización para la Cooperación y el Desarrollo Económicos. París
_983559
245 1 0 _aSupport of private sector development
_c/by OECD
260 _aParis :
_bOrganización para la Cooperación y el Desarrollo Económico,
_c1995.
300 _a42 p. :
410 2 _aOrganización para la Cooperación y el Desarollo Económico
490 0 _aGuidelines series
500 _aed. biblingüe
590 _aBATCH-UPD
_b10
_c20130110
_lUCH01
_h1028
590 _aBATCH-UPD
_b10
_c20130410
_lUCH01
_h0631
590 _aBATCH-UPD
_b10
_c20130914
_lUCH01
_h1151
590 _aCONVERSION
_b10
_c20130109
_lUCH01
_h1345
650 1 4 _aDesarrollo económico.
650 1 4 _aDesarrollo sustentable.
650 1 4 _aEmpresas privadas.
_936662
650 1 4 _aEmpresas.
_936635
810 0 0 _aOrganización para la Cooperación y el Desarollo Económico
_983558
830 0 0 _aGuidelines series
_951352
901 _aBK
905 _aGuadalupe Pinto C.
942 _cFOLL
949 _aFolleto 15217
_bBC
_cFOLL
_d917321
_eTS1
_i91732
_sb
999 _c80293
_d80293